• 首页
  • 本馆介绍
  • 公告通知
  • 最新文献
  • 馆藏检索
  • 电子资源
  • 读者导购
  • 参考咨询
  • 我的图书馆
  • 登录
  • 详细信息显示
  • 放入我的书架
  • 预约/预借图书
  • 作者相关作品
  • 分类相关作品
  • 丛书相关作品
  • 出版社相关作品

书目信息

  • 表格格式
  • 工作单格式
  • 卡片格式
题名:
真空物理与技术及其在电子器件中的应用
    
 
作者: 胡汉泉 , 王迁 编
分册: 下册  
出版信息: 北京   国防工业出版社  1982-1985
页数: 634页
开本: 21cm
丛书名:
单 册:
中图分类: TN103 , TN1
科图分类:
主题词: 真空物理学-应用-电子器件 , 电子器件-真空物理学-应用 , 真空技术-应用-电子器件 , 电子器件-真空技术-应用 , 真空电子技术
电子资源:
ISBN:
000 00928nam0 2200313 45
001 0182006533
005 20040520083441.7
010    @dCNY3.65
091    @a15034.2702
100    @a19950531f19821985em y0chiy0121 ea
101 0  @achi
102    @aCN@b110000
105    @ay z 000yy
106    @ar
200 10 @a真空物理与技术及其在电子器件中的应用@h下册@Azhen kong wu li yu ji shu ji qi zai dian zi qi jian zhong deying yong@f胡汉泉,王迁主编
210    @a北京@c国防工业出版社@d1982-1985
215    @a634页@d21cm
606    @a真空物理学-应用-电子器件
606    @a电子器件-真空物理学-应用
606    @a真空技术-应用-电子器件
606    @a电子器件-真空技术-应用
606 0  @a真空电子技术
690    @aTN103@v3 
690    @aTN1
701  0 @a胡汉泉@Ahu han quan@4编
701  0 @a王迁@Awang qian@4编
801  0 @aCN@b上海图书馆@c20040520
801  2 @aCN@bNLC@c20040520
905    @f2@b132261-262@dTN1@e34:2
    
    真空物理与技术及其在电子器件中的应用.下册/胡汉泉,王迁主编.-北京:国防工业出版社,1982-1985
    634页;21cm
    
    
    ISBN :CNY3.65
    
●
相关链接 在E读中查询图书 在五车中查询图书 在当当中查询图书 在豆瓣中查询图书


正题名:真空物理与技术及其在电子器件中的应用     索取号:TN1/34:2         预约/预借

序号 登录号 条形码 馆藏地/架位号 状态 备注
1 0132261   001350040   第三借阅区/ [索取号:TN1/34:2] 在馆    
2 0132262   001350004   密集书库/ [索取号:TN1/34:2] 在馆    
3 0132263   001350086   第二样本阅览室/ [索取号:TN1/34:2] 在馆    
唐山师范学院图书馆 欢迎您!
大连网信软件有限公司© 版权所有